Catálogo

Vista normal Vista MARC

Entrada Personal Name

Número de registros utilizados en: 1

001 - CONTROL NUMBER

  • control field: 14976

003 - CONTROL NUMBER IDENTIFIER

  • control field: DLC

005 - DATE AND TIME OF LATEST TRANSACTION

  • control field: 20231012085743.0

008 - FIXED-LENGTH DATA ELEMENTS

  • fixed length control field: 030404n| acannaabn |a aaa c

010 ## - LIBRARY OF CONGRESS CONTROL NUMBER

  • LC control number: no2003033977

035 ## - SYSTEM CONTROL NUMBER

  • System control number: (OCoLC)oca06017334

040 ## - CATALOGING SOURCE

  • Original cataloging agency: NmU
  • Language of cataloging: spa
  • Transcribing agency: Mx-PuUPA
  • Modifying agency: Mx-PuUPA
  • Description conventions: rda

053 #0 - LC CLASSIFICATION NUMBER

  • Classification number element--single number or beginning number of span: PQ7298.28.A417

100 10 - HEADING--PERSONAL NAME

  • Personal name: Ramírez Torres, Rafael,

374 ## - OCCUPATION

  • Occupation: Autor

375 ## - GENDER

  • Gender: hombre

377 ## - ASSOCIATED LANGUAGE

  • Language code: spa

400 10 - SEE FROM TRACING--PERSONAL NAME

  • Personal name: Torres, Rafael Ramírez

400 1# - SEE FROM TRACING--PERSONAL NAME

  • Personal name: Mozab, Gadel

670 ## - SOURCE DATA FOUND

  • Source citation: La trilogía del pueblo mexicano, 1977:
  • Information found: t.p. (Gadel Mozab) verso t.p. (derechos reservados por el autor Gadel Mozab (Rafael Ramírez Torres, S.J.))

670 ## - SOURCE DATA FOUND

  • Source citation: OCLC, April 4, 2003
  • Information found: (hdg.: Ramírez Torres, Rafael; usage: Rafael Ramírez Torres)